000 00358 a2200157 4500
001 47228
020 _a8599007017
040 _cAnchieta - Aquarius
100 _aGouveia, Luis Augusto
240 1 0 _aAsas da imaginação
_lpor
245 1 0 _aAsas da imaginação
300 _a111p.
362 0 _a2007
650 4 _aLiteratura infanto-juvenil
942 _cBK
999 _c47228
_d47228